000 00629nas a2200217 4500
001 BR9604650
003 BR-BrBNA
005 20231205094856.0
007 ta
008 230509b bl.|||p| |||| 00| 00por d
040 _aBR-BrBNA
_bpor
_cBiblioteca Nacional de Agricultura
041 _a(Pt)
072 _aE20
100 1 _aAnon.
245 1 _aComo manejar uma fazenda
650 _aAdministracao Rural
650 _aFazenda
773 0 _tLeite B - Associacao Brasileira dos Produtores de Leite B (Brazil)
_x
_g(Dec 1995), v. 10(110) p. 34-36
_wBR9604650
909 _a202311
_bLúcia
_c55
_dLúcia Elande
942 _2AGRIS
_n0
_cANA
999 _c147497
_d147497